History of India (Vol. I) : (Record no. 1308952)

MARC details
000 -LEADER
fixed length control field 00485nam a22001697a 4500
005 - DATE AND TIME OF LATEST TRANSACTION
control field 20250529125011.0
008 - FIXED-LENGTH DATA ELEMENTS--GENERAL INFORMATION
fixed length control field 250414b |||||||| |||| 00| 0 eng d
020 ## - INTERNATIONAL STANDARD BOOK NUMBER
International Standard Book Number 9789394262348
040 ## - CATALOGING SOURCE
Transcribing agency SDCL
041 ## - LANGUAGE CODE
Source of code eng
Language code of text/sound track or separate title eng
084 ## - COLON CLASSIFICATION NUMBER
Classification number V2'P R4.1
100 ## - MAIN ENTRY--PERSONAL NAME
Personal name Torri, Michelguglielmo
245 ## - TITLE STATEMENT
Title History of India (Vol. I) :
Remainder of title From the first human settlements to the Mughal empire
260 ## - PUBLICATION, DISTRIBUTION, ETC.
Place of publication, distribution, etc. New Delhi :
Name of publisher, distributor, etc. Manohar,
Date of publication, distribution, etc. 2024.
300 ## - PHYSICAL DESCRIPTION
Extent 3 Volumes
942 ## - ADDED ENTRY ELEMENTS (KOHA)
Source of classification or shelving scheme Colon Classification (CC)
Koha item type Reference
100 ## - MAIN ENTRY--PERSONAL NAME
-- 751505
999 ## -
-- 1308952
-- 1308952
Holdings
Withdrawn status Lost status Source of classification or shelving scheme Damaged status Not for loan Home library Current library Date acquired Source of acquisition Serial enumeration / chronology Inventory number Total checkouts Full call number Barcode Date last seen Price effective from Koha item type
    Colon Classification (CC)     South Campus Library South Campus Library 2025-04-14 Pioneer Book Distributor V1: 410p. 68, 11/12/2024, INR 2395.00   V2'P R4.1 SC1690704 2025-04-14 2025-04-14 Reference
Copyright @ Delhi University Library System